000 00338nam a22001337a 4500
008 170619b xxu||||| |||| 00| 0 eng d
020 _a9780395815328
041 _aeng
080 _a94(7/8)
100 _a20
101 _aSHP
245 _aMAJOR PROBLEMS IN AMERICAN IMMIGRATION AND ETHNIC HISTORY
_cGJERDE.J
942 _2udc
_cBK
999 _c18099
_d18099